Financial Accounting (Record no. 616)

MARC details
000 -LEADER
fixed length control field 00408nam a22001697a 4500
005 - DATE AND TIME OF LATEST TRANSACTION
control field 20180606125814.0
008 - FIXED-LENGTH DATA ELEMENTS--GENERAL INFORMATION
fixed length control field 160512b xxu||||| |||| 00| 0 eng d
020 ## - INTERNATIONAL STANDARD BOOK NUMBER
ISBN 81-7808-797-9
041 ## - LANGUAGE CODE
Language code of text/sound track or separate title eng
082 ## - DEWEY DECIMAL CLASSIFICATION NUMBER
Item number 1489
Classification number 657
100 ## - MAIN ENTRY--AUTHOR NAME
Personal name Tulsian, P.C.
245 ## - TITLE STATEMENT
Title Financial Accounting
260 ## - PUBLICATION, DISTRIBUTION, ETC. (IMPRINT)
Place of publication New Delhi
Name of publisher Pearson Education,
Year of publication 2003
300 ## - PHYSICAL DESCRIPTION
Number of Pages 18.13
650 ## - SUBJECT ADDED ENTRY--TOPICAL TERM
Topical Term Management
942 ## - ADDED ENTRY ELEMENTS (KOHA)
Koha item type Books
Holdings
Lost status Damaged status Collection code Home library Current library Shelving location Date acquired Cost, normal purchase price Full call number Accession Number Koha item type Source of acquisition
    LAW JRU Library   SHELF-32-B 12/05/2016 295.00 657 1489 Books  
    LAW JRU Library   SHELF-32-B 12/05/2016 295.00 657 1490 Books  
    MANAGEMENT JRU Library JRU Library SHELF-71-H 12/05/2016 295.00 657 1491 Books  
    MANAGEMENT JRU Library JRU Library SHELF-71-H 12/05/2016 295.00 657 1492 Books  
    MANAGEMENT JRU Library JRU Library SHELF-71-H 12/05/2016 295.00 657 1493 Books  
    Reference JRU Library JRU Library SHELF-1-E 12/05/2016 295.00 657 1494 Books PURCHASE
    LAW JRU Library   SHELF-32-B 12/05/2016 295.00 657 1495 Books  
    LAW JRU Library   SHELF-32-B 12/05/2016 295.00 657 1496 Books  
    MANAGEMENT JRU Library JRU Library SHELF-71-H 12/05/2016 295.00 657 1497 Books